000 00787nam a22002297a 4500
003 UA-OsUOA
001 51674
007 ta
008 20141002b un ||||| |||| 00| 0 ukr d
090 _a082
_bН34
942 _cBK
040 _aUA-OsUOA
_bukr
_cUA-OsUOA
_dUA-OsUOA
245 _aНауковий збірник Музею української культури у Свиднику
_bТ. 11
_cред. І. Русинок
300 _a651 с.
955 _a1
041 _aukr
080 _a082
260 _aСвидник
_bМузей української культури
_c1983
650 7 _a08 Видання. Колективні праці
_2UDC
999 _c431798
_d431798